Angel of the damned /

Saved in:
Bibliographic Details
Main Author: Konsalik, Heinz G., 1921-
Format: Book
Language:English
Published: Henley-on-Thames : A. Ellis, 1975.
LEADER 00963nam a2200265 i 4500
001 c000104876
003 CARM
005 00000000000000.0
008 760505s1975 enk 00011 eng
015 |a GB76-02036 
019 1 |a 193691  |z 40988395  |5 LACONCORD2021 
020 |a 0856280100 :  |c L.3.80 
035 |a (OCoLC)2213731  |5 LACONCORD2021 
041 1 |a engger 
050 0 0 |a PZ4.G94  |b An  |a PT2667.U3 
100 1 |a Konsalik, Heinz G.,  |d 1921- 
240 1 0 |a Engel der Vergessenen.  |l English 
245 1 0 |a Angel of the damned /  |c translated from the German by D. Gotfurt. 
260 |a Henley-on-Thames :  |b A. Ellis,  |c 1975. 
300 |a 253 p. ;  |c 23 cm. 
500 |a Translation of Engel der Vergessenen. 
852 8 |b CARM  |h A2:AD35A0  |i B03142  |p 0152127  |f BK 
082 0 4 |a 833/.9/14 
999 f f |i 3a1bea93-2eda-5e2b-a965-3efa93ac19e7  |s 5f111a77-5a15-545c-9da8-898bb82af41b 
952 f f |p Can circulate  |a CAVAL  |b CAVAL  |c CAVAL  |d CARM 1 Store  |e B03142  |f A2:AD35A0  |h Other scheme  |i book  |m 0152127